Characters of books Quiz Stats

 Plays Quiz not verified by Sporcle

Challenge
Share
Tweet
Embed
Score 0/10 Timer 10:00
0 Plays Today
question answer % Correct
The Prisoner of AzkabanHarry Potter
100%
Last OlympianPercy Jackson
88.9%
Hunger GamesKatniss Evergreen
22.2%
The AlchemystNicholas Flamel
11.1%
Ender's ShadowBean
11.1%
InheritanceEragon Shadeslayer
0%
UnwindLev
0%
Scorpia RisingAlex Rider
0%
Ender's GameAndrew Wiggin
0%
Shadow puppetsPeter Wiggin
0%

You're not logged in!

Compare scores with friends on all Sporcle quizzes.
Join for Free
OR
Log In

You Might Also Like...

Show Comments

Extras

Created Mar 10, 2014ReportNominate
Tags:Book Quiz, character

Top Quizzes Today


Score Distribution

Your Account Isn't Verified!

In order to create a playlist on Sporcle, you need to verify the email address you used during registration. Go to your Sporcle Settings to finish the process.

Report this User

Report this user for behavior that violates our Community Guidelines.

Details: